FAO soils bulletin; N77 Soil management and conservation for small farms; Strategies and methods of introduction, technologies and equipment; Experiences from the State of Santa Catarina, Brazil
Gorde:
| Egile nagusia: | |
|---|---|
| Formatua: | Liburua |
| Hizkuntza: | Undetermined |
| Argitaratua: |
Rome
FAO
2000
|
| Gaiak: | |
| Etiketak: |
Etiketa erantsi
Etiketarik gabe, Izan zaitez lehena erregistro honi etiketa jartzen!
|
| Thư viện lưu trữ: | Trung tâm Học liệu Trường Đại học Cần Thơ |
|---|
| LEADER | 00660nam a2200181Ia 4500 | ||
|---|---|---|---|
| 001 | CTU_42742 | ||
| 008 | 210402s9999 xx 000 0 und d | ||
| 082 | |a 631 | ||
| 082 | |b S683/N77 | ||
| 100 | |a Valdemar Hercilio de Freitas | ||
| 245 | 0 | |a FAO soils bulletin; N77 | |
| 245 | 0 | |b Soil management and conservation for small farms; Strategies and methods of introduction, technologies and equipment; Experiences from the State of Santa Catarina, Brazil | |
| 245 | 0 | |c Valdemar Hercilio de Freitas, FAO | |
| 260 | |a Rome | ||
| 260 | |b FAO | ||
| 260 | |c 2000 | ||
| 650 | |a soil conservation,soil science | ||
| 980 | |a Trung tâm Học liệu Trường Đại học Cần Thơ | ||